ბათუმის შოთა რუსთაველის სახელმწიფო უნივერსიტეტის ბიბლიოთეკა

თეორიული მექანიკის კურსი : (ბიბ.ჩანაწერი № 62137)

000 -ლიდერი
ფიქსირებული სიგრძის საკონტროლო ველი 01203nam a22002417a 4500
003 - საკონტროლო ნომრის იდენტიფიკატორი
საკონტროლო ველი Ge_BSU
005 - ბოლო ოპერაციის თარიღი და დრო
საკონტროლო ველი 20240719162325.0
008 - ფიქსირებული სიგრძის მონაცემთა ელემენტები - ზოგადი ინფორმაცია
ფიქსირებული სიგრძის საკონტროლო ველი 240719s2019 ge ||||| |||| 00| 0 geo d
020 ## - წიგნის საერთაშორისო სტანდარტული ნომერი
International Standard Book Number 9789941285295
041 ## - ენის კოდი
Language code of text/sound track or separate title geo
080 ## - უნივერსალური ათობითი კლასიფიკაციის ინდექსი
Universal Decimal Classification number 531.3(075.8)კ-47
100 ## - მთავარი ჩანაწერი - პიროვნების სახელი
Personal name კვიციანი, ტარიელ
Relator term ავტორი.
9 (RLIN) 22889
245 ## - ცნობა სათაურის შესახებ
Title თეორიული მექანიკის კურსი :
Remainder of title დინამიკა : [სახელმძღვანელო] /
Statement of responsibility, etc ტარიელ კვიციანი ; რედ. ბ. ცხადაძე.
264 ## - წარმოების, გამოცემის, დისტრიბუციის და სხვა ცნობები
გამოცემის, წარმოების, დისტრიბუციის... ადგილი თბილისი :
გამოცემის, წარმოების, დისტრიბუციის... სახელწოდება ტექნიკური უნივერსიტეტი,
გამოცემის, წარმოების, დისტრიბუციის... თარიღი 2019.
300 ## - ფიზიკური აღწერა
Extent 476 გვ. :
Other physical details ნახ. ;
Dimensions 20 სმ.
504 ## - BIBLIOGRAPHY, ETC. NOTE
Bibliography, etc ბიბლიოგრაფია: გვ. 464-466
653 ## - INDEX TERM--UNCONTROLLED
Uncontrolled term თეორიული მექანიკა
653 ## - INDEX TERM--UNCONTROLLED
Uncontrolled term დინამიკა
653 ## - INDEX TERM--UNCONTROLLED
Uncontrolled term ფიზიკა
700 ## - ADDED ENTRY--PERSONAL NAME
Personal name ცხადაძე, ბ
Relator term რედაქტორი.
9 (RLIN) 6516
710 ## - ADDED ENTRY--CORPORATE NAME
Corporate name or jurisdiction name as entry element საქართველოს ტექნიკური უნივერსიტეტი.
9 (RLIN) 22890
942 ## - ADDED ENTRY ELEMENTS (KOHA)
Source of classification or shelving scheme
Koha item type წიგნი
ეგზემპლარები
ჩამოწერის სტატუსი დაკარგული ეგზემპლარის სტატუსი კლასიფიკაციის წყარო ან თაროზე გაწყობის სქემა დაზიანების სტატუსი არ გაიცემა მუდმივი მდებარეობა (დაცვის ადგილი) ამჟამინდელი ადგილსამყოფელი თაროზე განთავსების ადგილი შეძენის თარიღი ღირებულება, შესყიდვის ნორმალური ფასი სრული შენახვის შიფრი შტრიხკოდი ბოლო ოპერაციის თარიღი ეგზემპლარის მიმდევრობითი ნომერი (კეტერი?) ფასის ძალაში შესვლის თარიღი ეგზემპლარის სახეობა საჯარო შენიშვნა
          ტექნოლოგიური ფაკულტეტის ბიბლიოთეკა ტექნოლოგიური ფაკულტეტის ბიბლიოთეკა წიგნსაცავი 2024-07-19 10.00 531.3(075.8)კ-47 68810 2024-07-19 68810 2024-07-19 წიგნი 10ლ.50თ.
          ტექნოლოგიური ფაკულტეტის ბიბლიოთეკა ტექნოლოგიური ფაკულტეტის ბიბლიოთეკა წიგნსაცავი 2024-07-19 10.00 531.3(075.8)კ-47 68811 2024-07-19 68811 2024-07-19 წიგნი 10ლ.50თ.
          ტექნოლოგიური ფაკულტეტის ბიბლიოთეკა ტექნოლოგიური ფაკულტეტის ბიბლიოთეკა წიგნსაცავი 2024-07-19 10.00 531.3(075.8)კ-47 68812 2024-07-19 68812 2024-07-19 წიგნი 10ლ.50თ.
          ტექნოლოგიური ფაკულტეტის ბიბლიოთეკა ტექნოლოგიური ფაკულტეტის ბიბლიოთეკა წიგნსაცავი 2024-07-19 10.00 531.3(075.8)კ-47 68813 2024-07-19 68813 2024-07-19 წიგნი 10ლ.50თ.
          ტექნოლოგიური ფაკულტეტის ბიბლიოთეკა ტექნოლოგიური ფაკულტეტის ბიბლიოთეკა წიგნსაცავი 2024-07-19 10.00 531.3(075.8)კ-47 68814 2024-07-19 68814 2024-07-19 წიგნი 10ლ.50თ.